| 000 | 00806nam a2200217 4500 | ||
|---|---|---|---|
| 001 | 72745 | ||
| 003 | BD-RjUL | ||
| 005 | 20211209082314.0 | ||
| 008 | 170523s190? bg |||| |||| 000 0 ben d | ||
| 035 | _a(BD-RjUL)72963 | ||
| 040 |
_aBD-RjUL _bben _cBD-RjUL _dBD-RjUL |
||
| 041 | _aben | ||
| 082 |
_223 _a297.09 _bALS 190? |
||
| 100 | 1 |
_aআলি, এস, ওয়াজেদ _9215182 |
|
| 245 | 1 | 0 |
_aসভ্যতা ও সাহিত্যে ইসলামের দান _cএস, ওয়াজেদ আলি |
| 260 |
_aঢাকা : _bদি পাকিস্তান সিটি বুক কোং., _c[১৯০?] |
||
| 300 |
_a৭১ পৃ. ; _c২৪ সেমি. |
||
| 650 |
_aইসলাম _xইতিহাস _9215183 |
||
| 650 |
_aIslam _xHistory _9215184 |
||
| 942 |
_2ddc _cBK |
||
| 999 |
_c72745 _d72745 |
||